Carl Christian Ficki fajansimanufaktuuri kollektsioon
| Titel: | Carl Christian Ficki fajansimanufaktuuri kollektsioon / Kristiina Hiiesalu |
|---|---|
| Verfasser: | |
| In: |
Ehasalu, Pia: Keskaegsest kaupmehemajast muuseumiks, (2017), Seite 310-317 alle Artikel anzeigen |
| Veröffentlicht: | 2017 |
| Umfang: | Illustrationen |
| Format: | Aufsatz |
| Sprache: | Estnisch |
X
alg: 42894196 001A $03025:03-05-18 001B $01999:03-05-18 $t23:13:31.000 001C $03025:03-05-18 $t15:00:18.000 001D $03025:03-05-18 001U $0utf8 001X $00 002@ $0Aou 002C $aText $btxt $2rdacontent 002D $aohne Hilfsmittel zu benutzen $bn $2rdamedia 002E $aBand $bnc $2rdacarrier 003@ $0428941966 007A $0428941966 $aHEB 010@ $aest 010E $erda 011@ $a2017 021A $aCarl Christian Ficki fajansimanufaktuuri kollektsioon $hKristiina Hiiesalu 028A $BVerfasser $4aut $7 $8Hiiesalu, Kristiina [Tnu] $9428941796 031A $h310-317 $j2017 034M $aIllustrationen 039B $aEnthalten in $8--Aau--Ehasalu, Pia [Tp1]. Keskaegsest kaupmehemajast muuseumiks. - Tallinn : Tallinna Linnamuuseum, 2017. - 430 Seiten. - Illustrationen, Karten. - ISBN 9789949902385 $x201700000000000690 $9426896912 044K $71157044131 $8Fick, Carl Christian$Z1730-1792 [Tp1] $9428941753 044K $RReval $#Tallinn $#Tallin $#Reval $#Reval Tallinn $75093293-7 $8Tallinn [Tg1] $9045056455 044K $RIndustriebetrieb $#Manufactures $#Manufaktur $74037419-1 $8Manufaktur [Ts1] $9085101818 044K $RKeramik $#Faience $#Majolica $#Faïence $#Majolique $#Maioliche $#Mayólica $#Fayenza $#Majolika $74127928-1 $8Fayence [Ts1] $9085441864 045R $aIdeengeschichte 1772-1782 046L $aEnglische Zusammenfassung unter dem Titel: Collection of Carl Christian Fick's faience factory lok: 42894196 78 exp: 42894196 78 1 #EPN 201B/01 $003-05-18 $t15:00:18.000 201C/01 $003-05-18 201U/01 $0utf8 203@/01 $01021675652 208@/01 $a03-05-18 $be 209A/01 $a/ $f000 $x00 209A/01 $ab*p $x01 220C/01 $akoe 244Z/01 $#Estland $#Estland $#Estnische SSR $#Eesti $#Estonskaja SSR $#EV $#Estonia 1918 - 1940, 1991 - $#Republik Estland $#Eesti Vabariik $#Republic of Estonia $#Ėstonskaja Respublika $#Estnische Republik $#Estonia 1918-1940 ; ab 1991 $#Estonia $#Estonie $74015587-0 $8--Tg1--Estland $x01 $9085035777 247C/01 $82080>Marburg/Lahn, Herder-Institut, Forschungsbibliothek, Bibliographieportal $9336309341
| LEADER | 00000caa a2200000 c 4500 | ||
|---|---|---|---|
| 001 | 428941966 | ||
| 003 | DE-603 | ||
| 005 | 20180503231331.0 | ||
| 007 | tu | ||
| 008 | 180503s2017 xx |||| | u00||u|est c | ||
| 035 | |a (DE-599)HEB428941966 | ||
| 040 | |a DE-603 |b ger |c DE-603 |d DE-603 |e rda | ||
| 041 | |a est | ||
| 100 | 1 | |a Hiiesalu, Kristiina |e Verfasser |4 aut |0 (DE-603)428941796 | |
| 245 | 0 | 0 | |a Carl Christian Ficki fajansimanufaktuuri kollektsioon |c Kristiina Hiiesalu |
| 264 | 0 | |c 2017 | |
| 300 | |b Illustrationen | ||
| 336 | |a Text |b txt |2 rdacontent | ||
| 337 | |a ohne Hilfsmittel zu benutzen |b n |2 rdamedia | ||
| 338 | |a Band |b nc |2 rdacarrier | ||
| 546 | |a Englische Zusammenfassung unter dem Titel: Collection of Carl Christian Fick's faience factory | ||
| 600 | 1 | 7 | |a Fick, Carl Christian |d 1730-1792 |0 (DE-588)1157044131 |0 (DE-603)428941753 |2 gnd |
| 648 | 7 | |a Ideengeschichte 1772-1782 |2 gnd | |
| 650 | 7 | |a Manufaktur |0 (DE-588)4037419-1 |0 (DE-603)085101818 |2 gnd | |
| 650 | 7 | |a Fayence |0 (DE-588)4127928-1 |0 (DE-603)085441864 |2 gnd | |
| 651 | 7 | |a Tallinn |0 (DE-588)5093293-7 |0 (DE-603)045056455 |2 gnd | |
| 773 | 0 | 8 | |i Enthalten in |a Ehasalu, Pia |t Keskaegsest kaupmehemajast muuseumiks |d Tallinn : Tallinna Linnamuuseum, 2017 |h 430 Seiten, Illustrationen, Karten |z 9789949902385 |g (2017), Seite 310-317 |w (DE-603)426896912 |
| 924 | 0 | |9 2080 |a (DE-603)1021675652 |b DE-2080 |c HES |d d |g / | |


